| 000 | 01211nam a2200313 c 4500 | ||
|---|---|---|---|
| 999 |
_c142131 _d142131 |
||
| 003 | BLK | ||
| 005 | 20210203124136.0 | ||
| 008 | 180409b bul|||||r ||||||| ||bul|| | ||
| 010 | _aKNG00148217000 | ||
| 040 | _aBLK | ||
| 041 |
_aBUL _cBUL |
||
| 080 |
_aБългарска литература _b821.163.2 _x-93-1 _z821.163.2-93-1 |
||
| 100 | 1 |
_aПрокопиева, Пепита _eпърви автор _9327561 |
|
| 139 |
_aПрокопиева, Пепита _bП 91 |
||
| 245 | 1 | 0 |
_aМомчето, което всичко може _bПоема за деца _cПепита Прокопиева; ил. Магда Тодорова Гедова. |
| 257 | _aBGR | ||
| 260 |
_bБълг. художник _c1966 _aСофия _fДПК Димитър Благоев |
||
| 300 |
_a16 с. _bс ил. _c28 см |
||
| 380 | _aDX | ||
| 500 | _a30 100 тир. | ||
| 653 | _aдетска литература | ||
| 653 | _aлитература за деца | ||
| 700 | 1 |
_aГедова, Магда Тодорова _eил. _951662 |
|
| 852 | _aЦб ІІ 18507 | ||
| 856 | 4 | _qpdf | |
| 856 | 4 | _qpdf | |
| 942 |
_cKNG _n0 _s1 |
||
| 944 |
_aCR _c02.08.2013 _l02.08.2013 - от С1,Р / 02.08.2013 _kИвелин_Иванов |
||
| 944 |
_aED _c02.08.2013 _l02.08.2013 - от С1,Р / 02.08.2013 |
||
| 999 | _d142131 | ||
| 999 | _d142131 | ||